000 00571nam a22001817a 4500
003 OSt
005 20120302150521.0
008 090711t xxu||||| |||| 00| 0 eng d
035 _a६११२
040 _cमराठी
100 _aबाखरु, हरीकृष्ण
_97400
245 _aआरोग्यदायी जीवनसत्व
250 _a१ ली
260 _aपुणे
_bरोहन
_c२००१
300 _b१६७ पाने
700 _aमांडे, अरुण -अनु.
_97401
942 _2ddc
_cBOOK
999 _c492333
_d492330